000
00306nam a2200133Ia 4500
005
20251222142010.0
008
251222s9999||||xx |||||||||||||| ||spa||
020
_a
84-345-8416-6
082
_a
363.739.2/B82
100
_a
Brever, George
245
0
_a
El Aire en Peligro
264
_b
Salvat
942
_c
LIB
999
_c
10305
_d
10305